Proteccion de subestaciones y lineas de transmision

محفوظ في:
التفاصيل البيبلوغرافية
المؤلف الرئيسي: Sandoval, Mathias
التنسيق: أطروحة كتاب
اللغة:Undetermined
منشور في: 1982
الموضوعات:
> > > > SUBESTACIONES
الوسوم: إضافة وسم
لا توجد وسوم, كن أول من يضع وسما على هذه التسجيلة!

MARC

LEADER 00000nam a2200000Ia 4500
001 2191
008 140114s9999 xx 000 0 und d
100 |a Sandoval, Mathias 
245 |a Proteccion de subestaciones y lineas de transmision 
260 |c 1982 
500 |a NULL 
502 |a Escuela de ingenieria Electrica 
650 |z SUBESTACIONES 
999 |c 11462  |d 11462